| 000 | 00765nam a2200277Ia 4500 | ||
|---|---|---|---|
| 001 | 86911 | ||
| 003 | IT-RoPAU | ||
| 008 | 130308s9999 xx 000 0 und d | ||
| 040 | _aIT-RoPAU | ||
| 040 | _cIT-RoPAU | ||
| 041 | _aITALIANO | ||
| 100 | _aAttolini Giovanni | ||
| 100 | _gCodice Aut. SPICS: 21284 | ||
| 245 | _aTarkovskij o della memoria presente | ||
| 245 | _bAndrej Tarkovskij-Le ragioni della Poesia | ||
| 250 | _a1a ed. | ||
| 260 | _aCAVALLINO DI LECCE (ITALIA) | ||
| 260 | _bCapone | ||
| 260 | _c1990 [1° Ed.:1990 - Ed.Ling.Originale:1990] | ||
| 300 | _a"10 p. (prefazione: no ; testo: 10 [pagine: 17-26])" | ||
| 650 | _aAUTORI/OPERE DEL CINEMA | ||
| 650 | _eCodice materia Spics: 6807 | ||
| 942 | _cBK | ||
| 957 | _71 | ||
| 999 |
_c83203 _d83203 |
||
| 999 | _g1 | ||